Zmluva medzi Slovenskou republikou a Českou republikou o zamedzení dvojitého zdanenia v odbore daní z príjmov a z majetku ...
Úplné znenie Zmluvy medzi Slovenskou republikou a Českou republikou o zamedzení dvojitého zdanenia v odbore daní z príjmov a z majetku č. 229/1993 Z.
Guardado en:
| Formato: | Capítulo de libro |
|---|---|
| Lenguaje: | eslovaco |
| Materias: | |
| Etiquetas: |
Sin Etiquetas, Sea el primero en etiquetar este registro!
|
MARC
| LEADER | 00000naa a2200000 4500 | ||
|---|---|---|---|
| 001 | r043355 | ||
| 005 | 20231003084657.0 | ||
| 041 | 0 | |a slo | |
| 044 | |a SK | ||
| 245 | 1 | 0 | |a Zmluva medzi Slovenskou republikou a Českou republikou o zamedzení dvojitého zdanenia v odbore daní z príjmov a z majetku ... |
| 520 | |a Úplné znenie Zmluvy medzi Slovenskou republikou a Českou republikou o zamedzení dvojitého zdanenia v odbore daní z príjmov a z majetku č. 229/1993 Z. | ||
| 610 | 2 | 0 | |a zmluvy medzinárodné |
| 610 | 2 | 0 | |a zdanenie dvojité |
| 610 | 2 | 0 | |a dane |
| 610 | 2 | 0 | |a príjmy |
| 610 | 2 | 0 | |a Česko |
| 610 | 2 | 0 | |a Slovensko |
| 610 | 2 | 0 | |a 1993 |